Pieter Bruegel: triunfos, muerte y vida
Збережено в:
| Автор: | |
|---|---|
| Формат: | Книга |
| Мова: | Іспанська |
| Опубліковано: |
Madrid
Abada
2010
|
| Предмети: | |
| Теги: |
Додати тег
Немає тегів, Будьте першим, хто поставить тег для цього запису!
|
MARC
| LEADER | 00000cam a2200000 a 4500 | ||
|---|---|---|---|
| 001 | UCF1110 | ||
| 003 | CL-VaPUC | ||
| 008 | 120621e20100000SP |||||||||||||||||spa|d | ||
| 020 | |a 9788496775909 | ||
| 082 | 0 | 4 | |a 759.03 |b BOZ |2 21 |
| 100 | 0 | |a Bozal, Valeriano |e author |9 562767 | |
| 245 | 1 | 0 | |a Pieter Bruegel: triunfos, muerte y vida |
| 300 | |a 123 p | ||
| 942 | |c BK | ||
| 945 | |d 20120621 00:00:00 |a dcastane | ||
| 260 | |a Madrid |b Abada |c 2010 | ||
| 600 | 0 | |a Bruegel, Pieter |9 344602 | |
| 650 | 0 | |a Obras de arte |9 337253 | |
| 650 | 0 | |a Crítica e interpretación |9 255042 | |
| 650 | 0 | |a Creación artística |9 266215 | |
| 650 | 0 | |a Pintura flamenca |9 319201 | |
| 583 | |a last modification |c 20120621 10:53:00 |k Rodrigo Vera | ||
| 999 | |c 348079 |d 348077 | ||
| 952 | |0 0 |1 0 |2 ddc |4 0 |6 759_030000000000000_BOZ_2010 |7 0 |8 A |9 449952 |a BIBART |b BIBART |d 2019-11-22 |i 4876296 |o 759.03 BOZ 2010 |p 4876296 |r 2025-03-13 |w 2019-11-22 |y BK |k ART | ||
| 952 | |0 0 |1 0 |2 ddc |4 0 |6 759_030000000000000_BOZ_2010 |7 0 |8 A |9 449953 |a BIBART |b BIBART |d 2019-11-22 |i 4883195 |l 1 |o 759.03 BOZ 2010 |p 4883195 |r 2025-03-13 |s 2024-09-25 |w 2019-11-22 |y BK |k ART | ||